SZA - Good Days (All Lyrics) - Statistics

General Stats
  • This quiz has been taken 447 times
  • The average score is 276 of 406
Answer Stats
Answer % Correct
day
99%
go
99%
Good
99%
(Good
99%
I
99%
mind,
99%
mind
99%
my
99%
a
96%
in
96%
to
93%
you
93%
You
93%
you,
93%
on
91%
(on
91%
no
90%
the
90%
be
89%
me
89%
so,
89%
Get
88%
get
88%
out
88%
out?
88%
he
87%
baby,
85%
baby
85%
don't
84%
step
84%
of
83%
take
82%
got
81%
Got
81%
empty
80%
shit
79%
shit,
79%
best
76%
now,
76%
now
76%
Can
75%
heavy
75%
Heavy
75%
some
75%
try
75%
try,
75%
care
74%
need
72%
heck
71%
let
71%
waste
71%
not
69%
that
69%
days)
68%
days,
68%
days
68%
rest
67%
your
67%
keep
66%
worry
66%
air
65%
wasted
65%
Gotta
64%
gotta
64%
Choose
62%
choose
62%
losin'
62%
just
61%
tryna
61%
Tryna
61%
been
60%
I've
60%
babe
59%
babe,
59%
Still
57%
still
57%
always
56%
Always
56%
urgent
56%
war
55%
edge
54%
hold
54%
it's
54%
Too
54%
world
54%
bummed
53%
from
53%
losing
53%
I'm
52%
inside,
52%
inside
52%
when
52%
ex,
51%
safe
51%
believe
50%
change
49%
text
49%
holding
48%
make
48%
miss
48%
respond
47%
All
46%
feel
46%
soon,
46%
spoke,
46%
up
46%
like
45%
nuisance,
45%
and
44%
wanna
44%
can't
41%
Ooh,
41%
sense
40%
wanna
40%
never
39%
us
39%
end
38%
loose
38%
present
38%
While
38%
while,
38%
Feeling
37%
happened
37%
pretend
36%
regret,
36%
Half
35%
youth,
35%
youth
35%
break
34%
is
34%
smile
34%
right,
33%
what's
33%
with
33%
before
32%
disappear,
32%
Said,
31%
weight,
31%
I'll
30%
lost
30%
our
30%
if
29%
Tell
29%
armored
28%
fears,
28%
watch
28%
fate
27%
free
27%
his
27%
Jericho
27%
living
27%
own)
27%
own,
27%
sunny
27%
way
27%
kill
25%
await
23%
mood
23%
Know
22%
fall
21%
Job
21%
chasin'
20%
limitations
20%
cross
19%
fountains
19%
layin'
19%
yeah,
17%
alone,
16%
bear
15%
You've
13%
making
11%
deal,
9%
paid
6%
groovy
4%
No matching quizzes found
Score Distribution
Percent of People with Each Score
Percentile by Number Answered
Your Score History
You have not taken this quiz